Statistics for Name a Valid Country in Each Continent

Click here to take the quiz!

General Stats

  • This quiz has been taken 2,102 times
  • The average score is 21 of 24

Answer Stats

ValidContinentAnswer% Correct
that starts with the letter AEuropeAlbania | Andorra | Austria
98%
that starts with the letter AAfricaAlgeria | Angola
98%
that takes up at least 7.5% of the area of their continent*OceaniaAustralia
97%
that takes up at least 7.5% of the area of their continent*South AmericaBrazil | Argentina
97%
that takes up at least 7.5% of the area of their continent*North AmericaCanada | United States | Mexico
97%
that takes up at least 7.5% of the area of their continent*AsiaRussia | China | India
97%
that starts with the letter AAsiaAfghanistan | Armenia | Azerbaijan
96%
that starts with the letter ASouth AmericaArgentina
95%
that starts with the letter AOceaniaAustralia
95%
that takes up at least 7.5% of the area of their continent*EuropeRussia
95%
that takes up at least 7.5% of the area of their continent*AfricaAlgeria | Democratic Republic of the Congo
94%
that is guessed at least 88% of the time on Countries of the World QuizOceaniaAustralia
93%
that is guessed at least 88% of the time on Countries of the World QuizSouth AmericaBrazil
93%
that is guessed at least 88% of the time on Countries of the World QuizAsiaChina | India | Japan
93%
that is guessed at least 88% of the time on Countries of the World QuizEuropeRussia | Italy | France | United Kingdom | Spain | Germany | Ireland
93%
that is guessed at least 88% of the time on Countries of the World QuizAfricaSouth Africa | Egypt
93%
that is guessed at least 88% of the time on Countries of the World QuizNorth AmericaUnited States | Canada | Mexico
93%
that starts with the letter ANorth AmericaAntigua and Barbuda
88%
whose capital starts with the letter MEuropeSpain | Belarus | Monaco | Russia
84%
whose capital starts with the letter MNorth AmericaNicaragua | Mexico
81%
whose capital starts with the letter MSouth AmericaUruguay
69%
whose capital starts with the letter MAfricaEquatorial Guinea | Mozambique | Lesotho | Eswatini | Somalia | Liberia | Comoros
66%
whose capital starts with the letter MAsiaMaldives | Bahrain | Philippines | Oman
66%
whose capital starts with the letter MOceaniaMarshall Islands
53%

Score Distribution

Percentile by Number Answered

Percent of People with Each Score

Your Score History

You have not taken this quiz